000 00330nam a2200133 i 4500
001 bg
100 1 _aORZECHOWSKI, M.
245 0 _aPolityka władza panowanie w teorii Maxa Webera /
_cM. Orzechowski.
260 _aWarszawa,
_c1984.
040 _cBPK
041 _apol
942 _cKS
008 s pl f |000 0 pol
999 _c22786
_d22786
856 _uhttp://koha.tu.koszalin.pl/cgi-bin/koha/opac-detail.pl?biblionumber=22786
_yKatalog online BPK